000 00623nam a22001937a 4500
005 20100820114431.0
010 _aENG-101102
020 _a8183410987
_c150.00
035 _aEN-84635
037 _bDBAD/PUB
082 _aN
100 _aEmily Bronte
_917136
245 _aWuthering heights /
_cEmily Bronte
260 _aDelhi
_bRohan Book Company
_c2004
270 _aG-22 Indraprastha Apptt.Patpar Ganj Plot No-114
_bNew Delhi
_e110092
300 _a296p
_c18cm(Hb)
942 _2ddc
_cEN
_hN
_mBRO
999 _c42676
_d42676